Statistics for Italy All-Time Greatest XI

Click here to take the quiz!

General Stats

  • This quiz has been taken 125 times
  • The average score is 7 of 11

Answer Stats

Answer % Correct
Gianluigi Buffon
100%
Paolo Maldini
96%
Andrea Pirlo
91%
Alessandro Nesta
81%
Roberto Baggio
77%
Franco Baresi
73%
Guiseppe Meazza
47%
Gianni Rivera
41%
Luigi Riva
41%
Giacinto Facchetti
31%
Valentino Mazzola
30%

Score Distribution

Percentile by Number Answered

Percent of People with Each Score

Your Score History

You have not taken this quiz